| 000 | 00574nam a2200229Ia 4500 | ||
|---|---|---|---|
| 008 | 210210b2018 xxu||||| |||| 00| 0 eng d | ||
| 020 | _a9788184876253 | ||
| 041 | _aeng | ||
| 082 | _a001.6424C SIND | ||
| 100 | _aSINGH (Jitendra) | ||
| 245 | _aData structure simplified implementation using C++ | ||
| 260 |
_aNew Delhi _bNarosa Publishing House _c2018 |
||
| 300 | _axvi,352 | ||
| 650 | _ausing | ||
| 650 | _astructure | ||
| 650 | _asimplified | ||
| 650 | _aimplementation | ||
| 650 | _aData | ||
| 650 | _aC++ | ||
| 690 | _aComputer Science | ||
| 906 | _a073026 | ||
| 999 |
_c122816 _d122816 |
||